=LDR 00000nam 2200000 4500 =001 INLIS000000000035634 =005 20130612141457 =008 ***********************************Ind** =035 ##$$0010-061300000035634 =041 ##$$a Ind =082 ##$$a R.530.03 =090 ##$$a R.530.03, Gem k =100 ##$$a Gem, Collins =245 ##$$a Kamus saku Fisika, E Deeson MSx FinstP =260 ##$$a 1994 $b Jakarta =300 ##$$a 219 hlm, ilus, 21 cm =650 ##$$a Kamus Fisika =850 ##$$a NBPNMAT